| 000 | 00707nam a2200241 a 4500 | ||
|---|---|---|---|
| 008 | |||
| 020 | _a0201709309 (hbk. ) | ||
| 049 | _aMAIN | ||
| 090 | _aQA39.2 PIR | ||
| 100 | 1 | _aPirnot, Thomas L. | |
| 245 | 1 | 0 |
_aMathematics all around / _cThomas L. Pirnot. |
| 250 | _aInstructor's ed. | ||
| 260 |
_aBoston : _bAddison Wesley, _c2001. |
||
| 300 |
_axiv, 838, 10 p. : _bill. (some col.) ; _c26 cm. |
||
| 500 | _a"All answers included." | ||
| 500 | _aIncludes indices. | ||
| 650 | 0 |
_aMathematics _vProblems, exercises, etc. |
|
| 907 |
_a.b10137397 _b24-07-14 _c24-09-04 |
||
| 003 | |||
| 005 | 20230123122103.0 | ||
| 040 | _cNUST | ||
| 942 |
_cBOOKS _kQA39.2 PIR |
||
| 999 |
_c127586 _d127586 |
||